| 000 | 01306camaa22003851i 4500 | ||
|---|---|---|---|
| 001 | 15380501 | ||
| 003 | EG-GICUC | ||
| 005 | 20260513150043.0 | ||
| 008 | 080724s2007 caua jr 001 0 eng | ||
| 020 |
_a9781590598931 _qpbk. |
||
| 020 |
_a1590598938 _qpbk. |
||
| 040 |
_aDLC _cDLC _dDLC _dEG-GICUC _beng _erda |
||
| 050 | 0 | 0 | _bM354 |
| 082 | 0 | 4 |
_221 _a 006.76 _bM354 |
| 092 | 0 | 4 |
_221 _a 006.76 _bM354 |
| 099 | _a 006.76 M354 | ||
| 100 | 1 |
_aMacDonald, Matthew. _eمؤلف. |
|
| 245 | 1 | 0 |
_aPro ASP.NET 3.5 in C# 2008 / _cMatthew MacDonald and Mario Szpuszta. |
| 250 | _a2nd ed. | ||
| 264 |
_aBerkeley, CA : _aNew York : _bApress ; _bDistributed to the book trade worldwide by Springer-Verlag, _cc2007. |
||
| 300 |
_axxxvi, 1498 p. : _billustration ; _c24 cm. |
||
| 336 |
_atext _btxt _2rdacontent |
||
| 337 |
_aunmediated _bn _2rdamedia |
||
| 338 |
_avolume _bnc _2rdacarrier |
||
| 490 | 0 | _aThe expert's voice in .NET | |
| 500 | _aIncludes index. | ||
| 504 | _aBibliography: pages 1441-1498. | ||
| 541 |
_aوزارة الثقافة ؛ _bالقاهرة ؛ _cإهداء ؛ _d2023. |
||
| 630 | 0 | 0 | _aMicrosoft .NET Framework. |
| 650 | 0 | _aWeb site development. | |
| 650 | 0 | _aC# (Computer program language) | |
| 700 | 1 |
_aSzpuszta, Mario. _eReviewer. |
|
| 905 | _aSamah | ||
| 942 |
_2ddc _cBK _e21 _n0 |
||
| 999 |
_c180133 _d180133 |
||